[Event "WYCC 2018 O18"]
[Site "Halkidiki"]
[Date "2018.10.20"]
[Round "1"]
[White "Hakobyan, Aram"]
[Black "Galiana Fernandez, Adrian"]
[Result "1-0"]
[WhiteElo "2565"]
[BlackElo "2261"]
[Annotator "TA"]
[PlyCount "59"]
[EventDate "2018.10.20"]
[EventType "swiss"]
[EventCountry "GRE"]
[SourceTitle "playchess.com"]
[Source "ChessBase"]
[SourceQuality "1"]

{[%evp 17,59,53,64,50,73,50,66,68,65,49,138,145,147,133,142,141,144,64,57,53,56,54,122,104,109,129,120,100,141,172,206,207,198,95,321,314,317,310,444,439,708,722,706,694]} 1. Nf3 Nf6 2. g3 b6 3. Bg2 Bb7 4. O-O g6 5. d4 Bg7 6. c4 O-O 7. Qc2 e6 {A50: Queen's Fianchetto Defence (1 d4 Nf6 2 c4 b6)} (7... a5 8. Nc3 Na6 9. a3 e6 10. e4 d6 11. Re1 Qe7 12. Rb1 Nb8 13. b4 axb4 14. axb4 Nbd7 15. Bd2 {1-0 (61) Oparin,G (2624)-Dubov,D (2703) Sochi 2018}) 8. Nc3 d6 9. e4 {[%cal Be2e4,Be4e5][%mdl 32]} Nbd7 {LiveBook: 14 Games. White is slightly better.} 10. Rd1 h6 $146 ({Predecessor:} 10... Qe7 11. b3 c5 12. Bb2 cxd4 13. Nxd4 Nc5 14. b4 Na6 15. a3 {0-1 (55) Dutreuil,R (2390)-Mayer,P (2330) Le Port Marly 2013}) 11. h3 a6 12. Be3 Qe7 13. Rac1 b5 (13... c5 $14) 14. e5 $16 ({But not} 14. cxb5 $6 axb5 15. a3 (15. Nxb5 Bxe4 16. Qxc7 Ne8 $14) 15... Nb6 $14) 14... Ne8 15. cxb5 axb5 16. Nxb5 Rxa2 {[%cal Rd6e5]} 17. Qb1 (17. Nxc7 $16 {Strongly threatening Qb3.} dxe5 18. Qb3 Nxc7 19. Qxa2) 17... Ra5 $14 18. Nxc7 dxe5 19. b4 Ra4 {[#]} (19... Ra3 $14) 20. d5 $1 $36 {[%cal Rd5e6][%mdl 2048] Keeping Black busy.} exd5 ({Don't blunder} 20... Nxc7 $2 21. d6 $18) 21. Nxd5 Bxd5 22. Rxd5 e4 23. Nd4 {[%cal Bf3d4,Bd4c6,Bc6e5][%mdl 32] Threatens to win with Nc6.} Nef6 24. Nc6 Qe6 25. Rdd1 (25. Ra5 $18 {is the precise move to win.} Ra8 26. Ba7 Rxa5 27. bxa5) 25... Ne5 $2 {[#]} (25... Re8 $16) 26. Nxe5 $1 $18 Qxe5 27. b5 Nd5 (27... Ra5 $142 28. b6 Rb5) 28. Rc5 {White is clearly winning.} Nxe3 (28... Rb4 $142) 29. Rxe5 Nxd1 30. Qxd1 {Precision: White = 62%, Black = 27%.} 1-0

[Event "WYCC 2018 O18"]
[Site "Halkidiki"]
[Date "2018.10.20"]
[Round "1"]
[White "Nguyen, Thai Dai Van"]
[Black "Tifferet, Shaked"]
[Result "1/2-1/2"]
[WhiteElo "2556"]
[BlackElo "2254"]
[Annotator "TA"]
[PlyCount "95"]
[EventDate "2018.10.20"]
[EventType "swiss"]
[EventCountry "GRE"]
[SourceTitle "playchess.com"]
[Source "ChessBase"]
[SourceQuality "1"]

{[%evp 22,95,4,0,21,21,19,19,19,19,19,15,20,15,25,0,17,-25,0,-45,-36,-35,-36,-27,-33,-32,-35,-29,-31,-42,-41,-42,-33,-31,-33,-40,0,-44,0,-35,-39,-86,-86,-85,0,-65,-71,-53,-58,-152,-156,-196,-202,-359,-79,-85,-85,-77,0,0,0,0,0,0,0,0,0,0,0,0,0,0,0,0,0,0]} 1. Nf3 Nf6 2. c4 e6 3. g3 d5 4. Bg2 Be7 5. d4 O-O 6. O-O dxc4 7. Qc2 a6 8. a4 Bd7 9. Qxc4 Bc6 10. Bf4 Bd6 {E05: Open Catalan: 5 Nf3 Be7} (10... Nbd7 11. Qc2 Bd6 12. Bg5 h6 13. Bxf6 Nxf6 14. Nbd2 Bb4 15. e3 a5 16. Rfd1 Rc8 17. Rac1 Bxf3 18. Bxf3 c6 {½-½ (42) Ding,L (2804)-Giri,A (2780) Batumi 2018}) 11. Qc1 Nbd7 12. Nc3 {LiveBook: 27 Games} a5 13. Re1 Bxf4 14. Qxf4 Bxf3 15. Bxf3 c6 16. e4 {[%cal Be2e4,Be4e5][%mdl 32]} Qb6 17. e5 Nd5 18. Qd2 Qb4 $146 19. Qd3 N7b6 {[%cal Bd7b6,Bb6d5,Bd5c3][%mdl 32]} 20. Bd1 Qxb2 21. Bc2 {[%csl Gc2][%cal Rd3h7]} g6 22. Nxd5 $1 Nxd5 23. Rab1 Qc3 24. Qxc3 Nxc3 25. Rxb7 Rfb8 26. Rc7 Rc8 27. Rb7 Rab8 28. Ra7 Rb2 29. Be4 Rb4 30. Rxa5 Rxd4 31. Bc2 Rd2 $36 {[%mdl 2048] Black is in control.} 32. Be4 Rd4 ({Don't play} 32... Nxe4 $6 33. Rxe4 c5 34. Rc4 $11) 33. Bc2 c5 {[%cal Bc6c5,Bc5c4][%mdl 32]} 34. Re3 Nd5 35. Rf3 {[#]} (35. Re4 $15) 35... Rc7 $1 $17 36. Ra8+ Kg7 37. a5 $2 (37. Rb8 {was the only defense.}) 37... Nb4 $2 (37... Rc4 $19 38. a6 Rxc2) 38. Rc3 c4 39. a6 {[#] Hoping for a7.} Rd2 (39... Rd5 $1 $17 40. f4 Ra5) 40. a7 $11 {And now Rg8+! would win.The position is equal.} Rxc2 {[#]} 41. Rg8+ $1 {[%mdl 512]} Kxg8 42. a8=Q+ Kg7 43. Rxc2 Nxc2 44. Qd8 Rc5 45. Qf6+ Kg8 46. Qd8+ Kg7 47. Qf6+ Kg8 48. Qd8+ {Precision: White = 63%, Black = 63%.} 1/2-1/2

[Event "WYCC 2018 O18"]
[Site "Halkidiki"]
[Date "2018.10.20"]
[Round "1"]
[White "Shevchenko, Kirill"]
[Black "Bratkovic, Jakob"]
[Result "1-0"]
[WhiteElo "2549"]
[BlackElo "2242"]
[Annotator "TA"]
[PlyCount "135"]
[EventDate "2018.10.20"]
[EventType "swiss"]
[EventCountry "GRE"]
[SourceTitle "playchess.com"]
[Source "ChessBase"]
[SourceQuality "1"]

{[%evp 18,135,43,42,58,49,55,50,93,52,52,51,108,106,108,100,106,108,103,83,133,133,127,106,148,143,142,94,94,102,362,112,107,153,97,42,49,49,143,144,122,120,128,121,162,162,140,113,166,158,233,222,297,297,291,288,237,175,227,227,416,433,356,339,334,331,480,480,735,733,723,697,655,655,479,478,818,802,1095,1026,891,610,1722,1728,1646,1523,1770,1718,1884,1884,2176,1906,6041,1746,29974,1432,1288,29963,29964,29967,29968,29969,29968,29970,29970,29972,29973,29972,29982,29983,29984,29985,29985,29986,29986,29987,29990,29991,29995,576]} 1. e4 {ChessBase Website} c5 2. Nf3 e6 3. d4 cxd4 4. Nxd4 Nc6 5. Nc3 Qc7 6. Qd3 {B47: Sicilian: Taimanov: 5 Nc3 Qc7 6 f4, 6 g3 and 6 Be2} a6 7. Nxc6 bxc6 8. Qg3 Qxg3 9. hxg3 d5 10. g4 {LiveBook: 3 Games} Bb4 $146 ({Predecessor:} 10... Rb8 11. g5 f6 12. gxf6 Nxf6 13. e5 Nd7 14. f4 Nc5 {½-½ (29) Karjakin,S (2766)-Andreikin,D (2709) Khanty-Mansiysk 2014 CBM 160 [ChessBase Website]}) 11. Bd2 Nf6 12. f3 dxe4 13. Nxe4 Nxe4 14. Bxb4 c5 (14... a5 $14) 15. Ba3 $16 (15. fxe4 $6 cxb4 16. Bd3 a5 $11) 15... Ng3 16. Rh4 {Strongly threatening Bd3.} Nxf1 17. Kxf1 a5 18. Kf2 Ba6 19. Rh5 (19. Bxc5 $6 Rc8 $11) 19... O-O 20. Rah1 h6 21. g5 $1 {[%cal Rg5h6]} (21. Bxc5 $6 Rfc8 $14) 21... Rad8 22. gxh6 Rd2+ 23. Kg3 Rxc2 $2 {[%mdl 8192]} (23... f5 $16) 24. Rg5 $2 (24. Rxc5 Rxc5 25. Bxc5 Rd8 $16) (24. Bxc5 Rc8 $18) (24. hxg7 $18 {is the precise move to win. White threatens Rg5 and mate.} Kxg7 25. Bxc5) 24... f6 25. Rxg7+ Kh8 26. Ra7 (26. Rd1 $16) 26... Rg8+ $14 27. Kf4 e5+ (27... Bd3 $1 $14 28. g4 (28. Rxa5 $2 e5+ 29. Ke3 c4 $19) 28... Rg2) 28. Kf5 $16 Bd3+ 29. Kxf6 Rcxg2 30. Rg7 $36 {[%mdl 2048] White has strong initiative.} Rf2 31. Rxg8+ Kxg8 32. Kxe5 Rxf3 (32... c4 $16 33. Kf4 Kh7) 33. Bxc5 $18 {[%mdl 4096] Endgame KRB-KRB} Bg6 (33... Kh7 $16 34. b3 Rf5+ 35. Kd4 Be2) 34. Rh4 Rf5+ 35. Kd6 Rf6+ 36. Kc7 Bc2 37. Bd4 Re6 (37... Rf7+ $142 38. Kd6 Kh7) 38. Bc3 a4 $2 (38... Kh7 {is a better defense.} 39. Bxa5 Rxh6) 39. h7+ $1 Bxh7 40. Rxa4 Be4 41. Rd4 Kf7 (41... Re7+ $142 42. Kd8 Kf7) 42. a4 Ke8 (42... Rc6+ $142 43. Kd7 Re6) 43. Rd8+ Ke7 44. Bb4+ Kf7 {intending ...Rc6+.} 45. Bd6 Rg6 46. a5 Rg2 (46... Bd3 $142 47. b4 Ke6 48. Re8+ Kd5 49. Re5+ Kd4) 47. b4 Ke6 48. Re8+ Kd5 49. a6 Ra2 50. Re5+ Kd4 51. b5 Bd5 52. Rg5 Bf3 53. Kb6 Kc4 54. Rc5+ Kd4 55. a7 (55. Be5+ $142 Ke3 56. Rc3+ Ke2 57. Rxf3 $1 {[%mdl 512]} Kxf3 58. a7) 55... Bd5 {[#]} 56. Rc8 (56. Rxd5+ $142 $1 Kxd5 57. Bb4 Rxa7 58. Kxa7 Ke4 59. b6 Kf4 60. b7 Ke5 61. b8=Q+ Kf5 62. Bd2) 56... Ra4 57. Bb4 (57. Bf8 $18 Ke5 {[#]} 58. Rc6 $1 {[%mdl 512]}) 57... Rxb4 {White mates.} 58. a8=Q ({Weaker is} 58. Rd8 Ra4 $16) 58... Bxa8 59. Rxa8 {KR-KR} Kc4 60. Rc8+ Kd5 61. Ka6 Kd6 62. b6 Kd7 63. b7 Rb1 64. b8=Q Ra1+ 65. Kb5 Rb1+ 66. Kc5 Rc1+ 67. Kd5 Rxc8 68. Qd6+ {Precision: White = 65%, Black = 21%.} 1-0

[Event "WYCC 2018 O18"]
[Site "Halkidiki"]
[Date "2018.10.20"]
[Round "1"]
[White "Van Foreest, Lucas"]
[Black "Tsomaia, Nikoloz"]
[Result "1-0"]
[WhiteElo "2499"]
[BlackElo "2201"]
[Annotator "TA"]
[PlyCount "69"]
[EventDate "2018.10.20"]
[EventType "swiss"]
[EventCountry "GRE"]
[SourceTitle "playchess.com"]
[Source "ChessBase"]
[SourceQuality "1"]

{[%evp 16,69,46,17,21,24,33,20,29,20,19,3,38,0,36,27,29,29,32,38,73,70,62,66,99,91,112,106,108,107,128,123,145,158,186,131,123,118,137,137,118,114,132,89,122,81,202,208,230,219,337,216,244,233,1327,1296]} 1. e4 d6 2. d4 Nf6 3. Nc3 e5 4. dxe5 dxe5 5. Qxd8+ Kxd8 6. Bc4 Ke8 {B07: Pirc Defence: Miscellaneous Systems} 7. Bg5 Nbd7 8. O-O-O Bd6 9. Nge2 {LiveBook: 3 Games} h6 (9... a6 10. a3 h6 11. Bh4 b5 12. Ba2 Bb7 13. f3 Kf8 14. Rd2 g6 15. Rhd1 Kg7 16. Kb1 Nb6 17. Bxf6+ Kxf6 18. Rxd6+ cxd6 19. Rxd6+ Ke7 20. Rxb6 Rab8 21. Bd5 {1-0 (21) Motylev,A (2675)-Cornette,M (2606) London 2017}) 10. Bh4 a6 11. f3 b5 12. Bb3 Bb7 $146 ({Predecessor:} 12... b4 13. Na4 Bb7 14. Rd2 {1-0 (26) Cebalo,M (2527)-Marzano,C (2244) Bratto 2004}) 13. a4 b4 14. Bxf6 (14. Nb1 {seems wilder.} Nc5 15. Nd2 Nxb3+ 16. cxb3 Bc8 17. Nc4) 14... Nxf6 (14... bxc3 {is interesting.} 15. Bh4 cxb2+ 16. Kxb2 Rb8 17. Bf2 Nc5) 15. Nd5 $36 {[%mdl 2048] White is pushing.} Bxd5 16. Bxd5 Rb8 17. Kb1 a5 18. Nc1 Rb6 19. Nb3 Ra6 20. Bb7 Ra7 21. Bc6+ Ke7 22. Nd2 Nh5 23. g3 g6 24. Nc4 Ng7 25. Rd5 ({Better is} 25. f4 $18 f6 26. fxe5 fxe5 27. Rhf1) 25... Ne6 $16 26. Rhd1 ({Inferior is} 26. Nxa5 Nd8 $15) 26... f6 27. Rxa5 Rxa5 28. Nxa5 Nd4 29. Bd5 Kd7 30. Nb3 Nxf3 (30... Nxb3 $16 {might work better.} 31. cxb3 c6) 31. Rf1 $18 Nxh2 32. Rxf6 g5 (32... Rf8 $142 33. Rxg6 h5) 33. a5 {[%cal Ba4a5,Ba5a6][%mdl 32]} Ng4 34. Rf7+ Ke8 $2 {[#]} (34... Be7 35. Bb7 Ke6) 35. a6 {Precision: White = 72%, Black = 32%.} 1-0

[Event "WYCC 2018 O18"]
[Site "Halkidiki"]
[Date "2018.10.20"]
[Round "1"]
[White "Gazik, Viktor"]
[Black "Alexakis, Dimitris"]
[Result "1-0"]
[WhiteElo "2486"]
[BlackElo "2186"]
[Annotator "TA"]
[PlyCount "33"]
[EventDate "2018.10.20"]
[EventType "swiss"]
[EventCountry "GRE"]
[SourceTitle "playchess.com"]
[Source "ChessBase"]
[SourceQuality "1"]

{[%evp 9,33,-1,6,-24,-24,-13,-8,-19,0,-19,-12,-20,63,65,87,78,77,97,81,77,295,297,294,272,729,457]} 1. d4 Nf6 2. Bg5 d5 3. e3 c5 4. Bxf6 gxf6 5. dxc5 e6 {LiveBook: 125 Partien} 6. Bd3 $146 {D00: Damenbauernspiele} ({Vorgänger:} 6. c4 dxc4 7. Nd2 c3 8. bxc3 Nd7 9. Bb5 Bxc5 10. Qh5 f5 11. Ngf3 Qf6 12. Rd1 a6 13. Be2 Be7 {1-0 (29) Jobava,B (2690)-Wang,H (2709) Riadh 2017}) 6... Nd7 7. Ne2 Nxc5 8. O-O {Die Stellung ist ausgeglichen.} Qb6 9. Nbc3 {[%cal Bb1c3,Bc3d5,Bd5f6,Bf6d7][%mdl 32]} Bd7 10. Rb1 f5 (10... Qd6 $11) 11. Bxf5 $1 $14 exf5 12. Qd4 f6 13. Nxd5 Qd6 14. b4 $36 {[%mdl 2048] Schwarz muss aufpassen.} Na4 $2 {[#]} (14... Ne6 $16 15. Nxf6+ Kd8) 15. Nxf6+ $18 Kd8 16. Rfd1 ({Nicht} 16. Nxd7 Qxd4 17. Nxd4 Kxd7 $11) 16... Nb6 $2 (16... Qxd4 17. Rxd4 Ke7 18. Nxd7 Bg7) 17. Nxd7 {Precision: Weiß = 68%, Schwarz = 31%.} 1-0

[Event "WYCC 2018 O18"]
[Site "Halkidiki"]
[Date "2018.10.20"]
[Round "1"]
[White "Livaic, Leon"]
[Black "Krstic, Milos"]
[Result "1-0"]
[WhiteElo "2481"]
[BlackElo "2171"]
[Annotator "TA"]
[PlyCount "95"]
[EventDate "2018.10.20"]
[EventType "swiss"]
[EventCountry "GRE"]
[SourceTitle "playchess.com"]
[Source "ChessBase"]
[SourceQuality "1"]

{[%evp 22,95,125,59,89,90,109,127,152,70,83,68,90,102,103,103,182,173,205,238,242,44,44,81,65,-10,-12,-18,0,0,109,114,133,121,146,149,198,197,179,181,200,130,219,217,343,342,355,243,439,421,561,539,534,525,617,617,643,636,658,616,615,606,716,716,772,764,742,703,691,691,682,678,698,708,1014,1010]} 1. d4 Nf6 2. c4 e6 3. Nf3 b6 4. Bf4 Bb7 5. e3 Be7 6. Nc3 O-O 7. Bd3 d5 8. cxd5 exd5 9. O-O c5 10. Ne5 Nbd7 11. Qf3 a6 12. Rad1 {LiveBook: 4 Games. D37: Queen's Gambit Declined: 5 Bf4} ({White should try} 12. Qh3 $16 {Black must now prevent Nxd7.} g6 13. Bh6) 12... cxd4 13. exd4 {[%cal Be3d4,Bd4e5,Be5e6][%mdl 32]} b5 $146 ({Predecessor:} 13... Re8 14. Ne2 Bf8 15. Ng3 Nxe5 16. dxe5 Nd7 17. Rfe1 Nc5 18. Nf5 Nxd3 19. Rxd3 Qf6 {1-0 (39) Sumets,A (2598)-Singer,C (2343) Bad Wiessee 2013}) 14. Qh3 {aiming for Nxd7.White is better.} g6 15. Rfe1 (15. Bh6 $1 $16) 15... b4 16. Na4 Nxe5 17. dxe5 Nh5 18. Bh6 Re8 (18... Ng7 $16 {was necessary.}) 19. e6 $18 {Strongly threatening exf7+.} f6 20. Qg4 {Hoping for Bxg6!} Kh8 21. Bxg6 $2 (21. Be3 $18) 21... Rg8 $14 22. Qxh5 $40 {[%mdl 128] White goes for the king.} Rxg6 23. Qh3 ({Better is} 23. b3 $1 $14) 23... d4 $11 24. f3 d3 25. Be3 {Kh1 is the strong threat.} Qa5 (25... Rc8 $1 $11) 26. b3 $1 $16 Rag8 {[#]} 27. Rd2 $1 Qd5 28. Kh1 Bc6 29. Nb6 Qe5 30. Nc4 Qd5 31. Bf4 Qd4 {[#]} (31... Bc5 $16 32. Bg3 Re8) 32. Bg3 $1 $18 Qc3 (32... Bb5 {was called for.} 33. Ne5 Kg7) 33. Red1 Rd8 34. Qf5 Rg5 $2 {[#]} (34... Bb5 35. Ne5 Be8) 35. Qxg5 $1 {[%mdl 512] White is clearly winning.} Qxc4 (35... fxg5 36. Be5+) 36. bxc4 fxg5 37. Rxd3 Rc8 38. Bd6 Bf6 39. Bxb4 Ba4 40. Rc1 Kg7 41. Bc3 Bxc3 42. Rdxc3 {[%mdl 4096] Endgame KRR-KRB} Kf6 43. Ra3 Bb5 44. h3 Rxc4 45. Rxc4 Bxc4 46. Ra4 Bb5 47. Re4 Bc6 48. e7 {Precision: White = 56%, Black = 19%.} 1-0

[Event "WYCC 2018 O18"]
[Site "Halkidiki"]
[Date "2018.10.20"]
[Round "1"]
[White "Fakhrutdinov, Timur"]
[Black "Pedoson, Georg Aleksander"]
[Result "1-0"]
[WhiteElo "2472"]
[BlackElo "2162"]
[Annotator "TA"]
[PlyCount "53"]
[EventDate "2018.10.20"]
[EventType "swiss"]
[EventCountry "GRE"]
[SourceTitle "playchess.com"]
[Source "ChessBase"]
[SourceQuality "1"]

{[%evp 22,53,6,17,88,86,162,155,140,150,155,156,149,156,249,246,298,297,326,333,320,285,264,236,305,316,356,364,365,338,491,506,491,464]} 1. e4 e5 2. Nf3 Nc6 3. Bc4 Bc5 4. d3 Nf6 5. O-O d6 6. c3 a6 7. Bb3 O-O 8. h3 Ba7 9. Re1 h6 10. Nbd2 Be6 11. Bc2 {C54: Giuoco Piano: 4 c3 Nf6, main lines with 5 d4 and 5 d3} (11. Nf1 Re8 12. N3h2 Qd7 13. Qf3 Kh7 14. Ng3 d5 15. Bc2 d4 16. Nf5 Bxf5 17. exf5 e4 18. dxe4 Ne5 19. Qd1 d3 20. Bb3 {0-1 (29) Andriasian,Z (2603)-Nakamura,H (2763) chess.com INT 2018}) 11... d5 12. exd5 {LiveBook: 4 Games} Nxd5 (12... Qxd5 $11 13. Qe2 Rfe8) 13. Nxe5 $146 {White is better.} ({Predecessor:} 13. Nc4 f6 14. Ne3 Qd7 15. Nxd5 Bxd5 16. Be3 Bxe3 17. fxe3 Rad8 {0-1 (43) Gil Quilez,D (2197)-Moreno Ruiz,J (2464) Las Palmas 2017}) 13... Bxh3 {[#]} (13... Nxe5 $16 {might work better.} 14. Rxe5 c5) 14. Nxc6 $1 $18 (14. gxh3 Bxf2+ 15. Kxf2 Qh4+ 16. Kg2 Nf4+ 17. Kf3 Rae8 $11) 14... bxc6 15. d4 Qg5 {[%csl Gh3][%cal Rg5g2]} 16. Qf3 Bg4 17. Qd3 {[%csl Gc2][%cal Rd3h7]} g6 (17... Qg6 $16) 18. Nf3 Qf6 19. Bxh6 Rfe8 20. Bg5 Qd6 21. Rxe8+ (21. Qxa6 Reb8 $16) 21... Rxe8 22. Ba4 ({Less strong is} 22. Qxa6 Bxf3 23. gxf3 (23. Qxa7 Nf4 $11) 23... Nf4 $16) 22... Kg7 {[#]} 23. Ne5 $1 {[%cal Re5g4]} (23. Qxa6 Bxf3 24. gxf3 Rh8 $11) 23... Bf5 24. Qxa6 Bb6 25. Qc4 f6 (25... Rh8 $142 26. Bxc6 Be6) 26. Bxc6 Rd8 {[#]} 27. Bh6+ $1 {[%mdl 512] Precision: White = 97%, Black = 29%.} 1-0

[Event "WYCC 2018 O18"]
[Site "Halkidiki"]
[Date "2018.10.20"]
[Round "1"]
[White "Pultinevicius, Paulius"]
[Black "Veleshnja, Zino"]
[Result "1-0"]
[WhiteElo "2465"]
[BlackElo "2155"]
[Annotator "TA"]
[PlyCount "121"]
[EventDate "2018.10.20"]
[EventType "swiss"]
[EventCountry "GRE"]
[SourceTitle "playchess.com"]
[Source "ChessBase"]
[SourceQuality "1"]

{[%evp 9,121,45,34,15,36,29,52,47,47,27,52,47,45,42,39,36,53,49,40,26,39,22,31,0,0,-60,0,0,0,0,53,59,108,42,106,109,107,73,84,64,92,84,84,2,2,2,2,9,9,0,236,245,235,242,235,247,259,220,220,208,208,208,245,245,237,237,286,286,279,260,297,289,289,282,368,355,332,317,481,471,470,334,1710,1714,1720,1720,1720,1720,1709,1691,1691,1693,1686,1683,1686,1686,1680,1649,1595,1548,1202,1199,1686,1686,1686,1637,1595,1548,1527,1507,1474,1468,1335,1241]} 1. e4 c5 2. Nf3 d6 3. Bb5+ Nd7 4. O-O g6 (4... a6 5. Bd3 Ngf6 6. c3 b5 7. Bc2 Bb7 8. Re1 c4 9. a4 e6 10. axb5 axb5 11. Rxa8 Qxa8 12. Na3 Bxe4 13. Bxe4 Nxe4 {½-½ (58) Anand,V (2768)-So,W (2780) Saint Louis 2018}) 5. c3 a6 6. Bxd7+ {B51: Sicilian: Moscow Variation (3 Bb5+) without 3...Bd7} (6. Ba4 {is more complex.} Ngf6 7. Bc2 b5 8. d4 Bb7 9. Re1) 6... Bxd7 7. d4 cxd4 8. cxd4 {White is slightly better.} Bg7 9. h3 Nf6 10. Nc3 $146 ({Predecessor:} 10. e5 dxe5 11. dxe5 Ne4 12. Nbd2 Nc5 13. Nb3 Ne6 14. Re1 {1-0 (32) Marjanovics,G (1936)-Aho,E Budapest 2006}) 10... Bc6 11. d5 Bd7 12. Re1 O-O 13. Bf4 b5 {[%cal Bb7b5,Bb5b4][%mdl 32]} 14. e5 dxe5 15. Nxe5 Rc8 16. Qf3 b4 17. Ne2 ({White should play} 17. Nd1 $11) 17... Ba4 (17... Bf5 $1 $15) 18. b3 $11 Bb5 19. Rad1 Bxe2 (19... Re8 $11) 20. Rxe2 $14 e6 {[%cal Rf6d5]} 21. Bg5 (21. d6 $16) 21... h6 ({Black should try} 21... exd5 $14 22. Ng4 Rc6) 22. Bxf6 $1 $16 Bxf6 23. Nc4 {Ree1 is the strong threat.} Bc3 24. d6 {[%cal Bd5d6,Bd6d7][%mdl 32]} Qg5 25. d7 Rc7 26. Re3 (26. Rxe6 $16 {Black must now prevent Re8.} fxe6 27. Qxf8+ $1 {[%mdl 512]} Kxf8 28. d8=Q+ Qxd8 29. Rxd8+ Ke7 30. Ra8) 26... Rd8 $11 27. Red3 Qe7 {[%cal Rc7d7]} 28. Nb6 {[%cal Bc4b6,Bb6c8,Bc8d6][%mdl 32]} Qc5 29. Nc8 Kg7 $2 {[#]} (29... Be5 $11) 30. Nd6 $1 $18 Rcxd7 {[#]} 31. Ne8+ $1 {[%mdl 512]} Rxe8 32. Rxd7 Re7 33. Rxe7 Qxe7 {[%mdl 4096] Endgame KQR-KQB} 34. Qc6 a5 35. Rd7 $40 {[%mdl 128] Black is in trouble.} Qg5 36. Qf3 Bf6 37. g3 {Strongly threatening Qb7.} Qc1+ 38. Kg2 Qc8 39. Ra7 h5 40. Qb7 ({Don't play} 40. Rxa5 $6 Qd7 $18) 40... Qxb7+ 41. Rxb7 {KR-KB} g5 42. Kf3 Bd8 43. g4 hxg4+ (43... h4 $142 44. Ke3 Kg6) 44. hxg4 Kg6 45. Ke4 f5+ $2 (45... Bf6 46. Rb8 Be7 47. Rg8+ Kh7) 46. Ke5 {White is clearly winning.} Bf6+ 47. Kxe6 fxg4 48. Rd7 Bc3 49. Rd8 Bb2 50. Rg8+ Bg7 51. Kd5 Kf7 52. Ra8 Bc3 53. Rxa5 Be1 54. Ke4 Kg6 55. Ke3 g3 56. fxg3 Bxg3 57. Kf3 Be1 58. Kg4 Bd2 59. Rd5 Be3 60. Rd6+ Kg7 61. Rd3 {Precision: White = 68%, Black = 41%.} 1-0

[Event "WYCC 2018 O18"]
[Site "Halkidiki"]
[Date "2018.10.20"]
[Round "1"]
[White "Makhnev, Denis"]
[Black "Giesinger, Elias"]
[Result "1-0"]
[WhiteElo "2442"]
[BlackElo "2131"]
[Annotator "TA"]
[PlyCount "95"]
[EventDate "2018.10.20"]
[EventType "swiss"]
[EventCountry "GRE"]
[SourceTitle "playchess.com"]
[Source "ChessBase"]
[SourceQuality "1"]

{[%evp 22,95,20,14,22,-7,0,0,0,0,0,0,0,-24,33,27,32,9,22,25,74,52,64,69,75,78,68,77,112,112,114,56,72,55,67,62,85,71,149,139,147,124,136,0,25,27,28,22,199,196,196,161,238,238,238,238,238,238,238,238,238,246,414,356,650,645,641,630,616,618,860,847,831,777,1529,1433]} 1. d4 Nf6 2. c4 e6 3. g3 d5 4. Bg2 Be7 5. Nf3 O-O 6. O-O dxc4 7. Qc2 b6 {E05: Open Catalan: 5 Nf3 Be7} (7... a6 8. a4 Bd7 9. Qxc4 Bc6 10. Bf4 Nbd7 11. Qc2 Bd6 12. Bg5 h6 13. Bxf6 Nxf6 14. Nbd2 Bb4 15. e3 a5 16. Rfd1 Rc8 17. Rac1 Bxf3 18. Bxf3 c6 {½-½ (42) Ding,L (2804)-Giri,A (2780) Batumi 2018}) 8. Ne5 Qxd4 9. Bxa8 Qxe5 10. Bf3 Nd5 11. Qxc4 Ba6 12. Qa4 {LiveBook: 10 Games} c5 13. Nd2 {[%cal Bb1d2,Bd2f3,Bf3d4,Bd4c6][%mdl 32]} b5 $146 ({Predecessor:} 13... Rc8 14. Rd1 c4 15. Nf1 {½-½ (65) Nyback,T (2608)-Pihlajasalo,A (2442) Finland 2015}) 14. Qe4 Qc7 15. Bg2 c4 16. Nf3 Nd7 17. Bg5 Nc5 (17... Bc5 $11) 18. Qc2 $14 Nf6 19. Nd4 h6 20. Bd2 $36 {[%mdl 2048] White has good play.} Rc8 21. Nc6 Bf8 22. Ba5 Qd7 23. Rfd1 Nd5 24. Nb4 {[%cal Rb4d5]} Nxb4 25. Bxb4 Qc7 26. Qd2 (26. b3 $16) 26... Bb7 27. Bxc5 Bxc5 28. Qd7 Bxg2 29. Kxg2 b4 (29... Qb8 $142) 30. Rac1 $16 {[#] Strongly threatening Qxc7.} Be7 31. Qb5 {Hoping for Rd7.} Qb6 32. Qd7 (32. Qxb6 $16 axb6 33. Rd7) 32... Qc5 33. Qb7 Bf6 34. Rc2 Qc6+ $2 {[#]} (34... Rc7 $11 {and Black stays safe.} 35. Qa8+ Rc8) 35. Qxc6 $18 Rxc6 {[%mdl 4096] Endgame KRR-KRB} 36. f4 Ra6 (36... g6 $142 37. Rd7 a5) 37. Rxc4 Rxa2 38. Rxb4 Rxb2 39. Rxb2 Bxb2 {KR-KB} 40. Rd8+ Kh7 41. Rd7 a5 $2 (41... Kg6 {keeps fighting.} 42. Rxa7 Kf6) 42. Rb7 Bc1 $2 (42... Bd4 43. Rxf7 a4) 43. Rxf7 {White is clearly winning.} Kg6 44. Ra7 Bd2 45. e4 {[%cal Be2e4,Be4e5][%mdl 32]} h5 46. Kf3 Bb4 47. h3 Kf6 48. e5+ {Precision: White = 75%, Black = 25%.} 1-0